<?xml version="1.0" encoding="UTF-8"?>
<collection xmlns="http://www.loc.gov/MARC21/slim">
<record>
  <controlfield tag="001">5169</controlfield>
  <controlfield tag="005">20210125135527.0</controlfield>
  <datafield tag="037" ind1=" " ind2=" ">
    <subfield code="a">POSTER-2021-0008</subfield>
  </datafield>
  <datafield tag="100" ind1=" " ind2=" ">
    <subfield code="a">Coyette, Alexis</subfield>
  </datafield>
  <datafield tag="245" ind1=" " ind2=" ">
    <subfield code="a">Cassini state of Galilean Moons: Influence of a subsurface ocean </subfield>
  </datafield>
  <datafield tag="260" ind1=" " ind2=" ">
    <subfield code="c">2020</subfield>
  </datafield>
  <datafield tag="269" ind1=" " ind2=" ">
    <subfield code="c">2020-05-04</subfield>
  </datafield>
  <datafield tag="520" ind1=" " ind2=" ">
    <subfield code="a">Large moons such as the Galilean satellites are thought to be in an equilibrium rotation state, called a Cassini state (Peale, 1969). This state is characterized by a synchronous rotation and a precession rate of the rotation axis that is equal to the precession rate of the normal to its orbit. It also implies that the spin axis, the normal to the orbit and the normal to the Laplace plane are coplanar with a (nearly) constant obliquity. For rigid bodies, up to 4 possible Cassini states exist, but not all of them are stable. It is generally assumed that the Galilean satellites are in Cassini State I for which the obliquity is close to zero (see e.g. Baland et al. 2012). However, it is also theoretically possible that these satellites occupy or occupied another Cassini state. We here investigate how the interior structure, and in particular the presence of a subsurface ocean, influences the existence and stability of the different possible Cassini states.</subfield>
  </datafield>
  <datafield tag="536" ind1=" " ind2=" ">
    <subfield code="a">Prodex/</subfield>
    <subfield code="c">Prodex/</subfield>
    <subfield code="f">Prodex</subfield>
  </datafield>
  <datafield tag="594" ind1=" " ind2=" ">
    <subfield code="a">NO</subfield>
  </datafield>
  <datafield tag="653" ind1="1" ind2=" ">
    <subfield code="a">Cassini state</subfield>
  </datafield>
  <datafield tag="653" ind1="1" ind2=" ">
    <subfield code="a">Galilean satellites</subfield>
  </datafield>
  <datafield tag="700" ind1=" " ind2=" ">
    <subfield code="a">Baland, Rose-Marie</subfield>
  </datafield>
  <datafield tag="700" ind1=" " ind2=" ">
    <subfield code="a">Lemaitre, Anne</subfield>
  </datafield>
  <datafield tag="700" ind1=" " ind2=" ">
    <subfield code="a">Van Hoolst, Tim</subfield>
  </datafield>
  <datafield tag="773" ind1=" " ind2=" ">
    <subfield code="t">22nd EGU General Assembly, held online</subfield>
  </datafield>
  <datafield tag="856" ind1="0" ind2=" ">
    <subfield code="f">rose-marie.baland@observatoire.be</subfield>
  </datafield>
  <datafield tag="856" ind1="4" ind2="2">
    <subfield code="a">https://meetingorganizer.copernicus.org/EGU2020/EGU2020-8210.html</subfield>
  </datafield>
  <datafield tag="856" ind1="4" ind2=" ">
    <subfield code="s">318834</subfield>
    <subfield code="u">http://publi2-as.oma.be/record/5169/files/EGU2020-8210-print-1.pdf</subfield>
  </datafield>
  <datafield tag="856" ind1="4" ind2=" ">
    <subfield code="s">13724</subfield>
    <subfield code="u">http://publi2-as.oma.be/record/5169/files/EGU2020-8210-print-1.jpg?subformat=icon-180</subfield>
    <subfield code="x">icon-180</subfield>
  </datafield>
  <datafield tag="856" ind1="4" ind2=" ">
    <subfield code="s">9034</subfield>
    <subfield code="u">http://publi2-as.oma.be/record/5169/files/EGU2020-8210-print-1.gif?subformat=icon</subfield>
    <subfield code="x">icon</subfield>
  </datafield>
  <datafield tag="980" ind1=" " ind2=" ">
    <subfield code="a">CPOSTER</subfield>
  </datafield>
</record>
</collection>